The Main Types of Clouds - Map Quiz - Statistics

General Stats
  • This quiz has been taken 141 times
  • The average score is 6 of 10
Answers on the Map
Answers color-coded by a green-red scale on the quiz's map according to % correct below.
 
Answer Stats
Answer % Correct
Cumulonimbus
79%
Cirrus
72%
Cumulus
70%
Nimbostratus
66%
Stratus
66%
Altocumulus
56%
Cirrostratus
56%
Cirrocumulus
48%
Altostratus
44%
Stratocumulus
43%
No matching quizzes found
Score Distribution
Percent of People with Each Score
Percentile by Number Answered
Your Score History
You have not taken this quiz